The standard cyclopedia of horticulture. Vol.2

שמור ב:
מידע ביבליוגרפי
מחבר ראשי: L H Bailey
פורמט: ספר
שפה:Undetermined
יצא לאור: New York MacMillan
נושאים:
תגים: הוספת תג
אין תגיות, היה/י הראשונ/ה לתייג את הרשומה!
Thư viện lưu trữ: Trung tâm Học liệu Trường Đại học Cần Thơ
LEADER 00474nam a2200169Ia 4500
001 CTU_26601
008 210402s9999 xx 000 0 und d
082 |a 634.03 
082 |b B154/Vol.2 
100 |a L H Bailey 
245 4 |a The standard cyclopedia of horticulture. Vol.2 
245 0 |c L H Bailey 
260 |a New York 
260 |b MacMillan 
650 |a horticulture - terminology 
904 |i Minh, 981014 
980 |a Trung tâm Học liệu Trường Đại học Cần Thơ